000 00896cam a2200301 a 4500
005 20131115092904.0
008 030806s2002 enk 001 0 eng d
020 _a1841742074
041 0 _aeng
080 _a341
_x(094.4)
245 0 0 _aBlackstone's statutes on contract, tort & restitution :
_cedited by F.D. Rose.
246 3 0 _aContract, tort & restitution
250 _a12th ed.
260 _aOxford :
_bOxford University Press ;
_c2002.
300 _a574 f. ;
_c22 cm.
440 0 _aBlackstone's statutes
490 _aBlackstone's statutes
500 _aPreface : f. [XI]-XII
500 _aIncludes index.
650 0 _aKotratat
_zAngli
650 0 _aKontratat
_zWales.
650 0 _aLigji
_zAnglia
650 0 _aLigji
_zWales.
650 0 _aDëmshpërblimi
_zAngli.
650 0 _aDëmshpërblimi
_zWales.
700 1 _aRose, F. D.
_q(Francis D.)
942 _2udc
_cBK
999 _c324
_d324